|
|
|
|
| LEADER |
00000nam a22000007a 4500 |
| 005 |
20180421210022.0 |
| 007 |
cr|||| |||| |
| 008 |
180421s2017 mx ||||| |||| 00| 0 spa d |
| 020 |
|
|
|a 978-607-406-937-2
|
| 035 |
|
|
|a 21433
|
| 040 |
|
|
|a vLex
|
| 090 |
|
|
|c 7801
|d 7801
|
| 100 |
1 |
|
|a Nacer Ramos, Eduardo Michael
|
| 245 |
1 |
0 |
|a Activos intangibles 2017
|h [Recurso electrn̤ico] /
|c Eduardo Michael Nacer Ramos
|
| 256 |
|
|
|a Servicio en ln̕ea
|
| 260 |
|
|
|a Ciudad de Mx̌ico:
|b Ediciones Fiscales ISEF,
|c 2017
|
| 300 |
|
|
|a 1 recurso electrn̤ico
|
| 500 |
|
|
|a Las entidades pb︢licas y privadas deben ver la valuacin̤ de los ACTIVOS INTANGIBLES como una oportunidad de crecimiento que a la vez trae nuevos desafo̕s para quienes hacen las polt̕icas de negocios y las formas en las que se mide la economa̕. Esta magnf̕ica obra ACTIVOS INTANGIBLES, da a conocer los beneficios que nos provee la valuacin̤ maximizǹdose los frutos financieros, familiares-laborales y sociales.
|
| 506 |
1 |
|
|a Disponible solo en los productos indicados
|d vLex Global
|d vLex Global (Academic Edition, excluding Law Schools)
|d vLex Global (U.S. Academic Edition, Law Schools)
|d vLex Global (U.S. Academic Edition, excluding Law Schools)
|d vLex Global (Academic Edition, Law Schools)
|
| 650 |
0 |
4 |
|a Derecho Fiscal
|z Mx̌ico
|
| 740 |
0 |
|
|a vLex Libros (Servicio en ln̕ea)
|
| 856 |
4 |
0 |
|u http://vlex.com/source/activos-intangibles-2017-21433
|z Acceso restringido
|
| 942 |
|
|
|c BOOK
|
| 999 |
0 |
|
|a Tax Law
|